A brief history of happiness / (Record no. 6878)

MARC details
000 -LEADER
fixed length control field 01542cac a22003131u 4500
090 ## - LOCALLY ASSIGNED LC-TYPE CALL NUMBER (OCLC); LOCAL CALL NUMBER (OCLC)
-- 6878
008 - FIXED-LENGTH DATA ELEMENTS--GENERAL INFORMATION
fixed length control field 081112t2006 xxu||||| |||| 00| 0 eng d
010 ## - LIBRARY OF CONGRESS CONTROL NUMBER
LC control number 2005024028
020 ## - INTERNATIONAL STANDARD BOOK NUMBER
International Standard Book Number 140511519X (hardback : alk. paper)
020 ## - INTERNATIONAL STANDARD BOOK NUMBER
International Standard Book Number 1405115203 (pbk. : alk. paper)
020 ## - INTERNATIONAL STANDARD BOOK NUMBER
International Standard Book Number 9781405115193
020 ## - INTERNATIONAL STANDARD BOOK NUMBER
International Standard Book Number 9781405115209
035 ## - SYSTEM CONTROL NUMBER
System control number (OCoLC)ocm61448049
082 00 - DEWEY DECIMAL CLASSIFICATION NUMBER
Classification number 170
Item number WHI
100 ## - MAIN ENTRY--PERSONAL NAME
Personal name White, Nicholas P.,
245 12 - TITLE STATEMENT
Title A brief history of happiness /
Statement of responsibility, etc Nicholas White.
260 ## - PUBLICATION, DISTRIBUTION, ETC. (IMPRINT)
Place of publication, distribution, etc Malden, MA ;
-- Oxford :
Name of publisher, distributor, etc Blackwell Pub.,
Date of publication, distribution, etc c.2006.
300 ## - PHYSICAL DESCRIPTION
Extent x, 194 p. ;
Dimensions 23 cm.
500 ## - GENERAL NOTE
General note Distributer: Al-Ahram.
504 ## - BIBLIOGRAPHY, ETC. NOTE
Bibliography, etc Includes bibliographical references (p. [181]-186) and index.
505 0# - FORMATTED CONTENTS NOTE
Formatted contents note Introducing the subject -- Conflicts, perspectives, and the identification of happiness -- Pleasure, hedonism, and the measurement of happiness -- Happiness as structure and harmony -- Morality, happiness, and conflict -- Happiness, fact, and value -- Doing without the concept.
511 ## - PARTICIPANT OR PERFORMER NOTE
Participant or performer note Catalogued By: Mahitab.
650 #0 - SUBJECT ADDED ENTRY--TOPICAL TERM
Topical term or geographic name as entry element Happiness
General subdivision History.
856 41 - ELECTRONIC LOCATION AND ACCESS
Materials specified Table of contents
Uniform Resource Identifier <a href="http://www.loc.gov/catdir/toc/ecip0518/2005024028.html">http://www.loc.gov/catdir/toc/ecip0518/2005024028.html</a>
856 41 - ELECTRONIC LOCATION AND ACCESS
Materials specified Publisher description
Uniform Resource Identifier <a href="http://www.loc.gov/catdir/enhancements/fy0802/2005024028-d.html">http://www.loc.gov/catdir/enhancements/fy0802/2005024028-d.html</a>
856 41 - ELECTRONIC LOCATION AND ACCESS
Materials specified Contributor biographical information
Uniform Resource Identifier <a href="http://www.loc.gov/catdir/enhancements/fy0802/2005024028-b.html">http://www.loc.gov/catdir/enhancements/fy0802/2005024028-b.html</a>
942 ## - ADDED ENTRY ELEMENTS (KOHA)
Item type Book - Borrowing
Call number prefix 170WHI
Source of classification or shelving scheme Dewey Decimal Classification
Holdings
Withdrawn status Item status Damaged status Not for loan Home library Current library Shelving location Date acquired Source of acquisition Total Checkouts Total Renewals Full call number Barcode Date last seen Date last borrowed Koha item type
        Central Library Central Library Lower Floor 09/12/2007 Purchase 4 4 170WHI 000008540 15/07/2025 29/04/2014 Book - Borrowing